| 000 | 01709cam a2200229 4500 | ||
|---|---|---|---|
| 001 | 2082 | ||
| 005 | 20230410101907.0 | ||
| 008 | 060907n1994 dr spa | ||
| 035 | _9funglode2090 | ||
| 041 | _aspa | ||
| 050 | 1 | 4 |
_a118 F 1938 _bC639c 1994 |
| 082 | 0 | 0 | _a306.24097293 |
| 100 | 1 | _aClime, Danilo P. | |
| 245 | 1 | 0 |
_aCaudillismo y estructura social en América Latina (Un estudio del caso dominicano) / _cDanilo P. Clime |
| 260 |
_a[Santo Domingo, Dominican Republic] : _bEdiciones del Instituto para el Estudio de la Conducta Política, _c1994 [i.e. 1996] |
||
| 300 |
_aii, 511 p. ; _c22 cm. |
||
| 520 | _aEl fenómeno caudillista en la historia social universal, 23. -- Algunos elementos característicos en las estructuras caudillistas, 31. -- Las estructuras sociales latinoamericanas y el fenómeno caudillista, 35. -- En torno a las raíces estructurales del fenómeno, 39. -- Rasgos distintivos del proceso de dominación caudillista, 59. -- Elementos para una construcción tipológica de la domininación caudillista, 71. -- Análisis específicos de los tipos particulares y su expresión en el proceso histórico social y político dominicano, 97. -- Análisis específicos de los tipos particulares y su expresión en el proceso histórico social y político dominicano, 127. -- La estructura social algunas reflexiones previas a las conclusiones, 387. -- A manera de colofón factores esenciales que permiten la sobrevivencia y solidez del proceso de dominación caudillista, 485 | ||
| 651 | 0 |
_aDominican Republic _xPolitics and government. |
|
| 650 | 0 |
_aSocial structure _zDominican Republic _xHistory. |
|
| 650 | 0 |
_aCaudillos _zDominican Republic _xHistory. |
|
| 942 |
_2lcc _cbk |
||
| 999 |
_c15512 _d15512 |
||